000 02142cam a2200421 a 4500
001 15286382
005 20220326193314.0
008 080418s2007 pn ab b 000 0 spa d
010 _a 2008421115
020 _a9962881145
020 _a9789962881148
035 _a(OCoLC)ocn247140702
040 _aTJC
_cTJC
_dDLC
041 0 _aspa
_aeng
042 _alccopycat
043 _ancpn---
082 _a919.972.87
_bP 314p
110 _aPrograma de Patrimonio Cultural en Panama:Vicente Luis Garcia Sanz
_92246
245 0 0 _aPanamá Viejo :
_bde la aldea a la urbe = Panamá Viejo : from village to city /
_c[coordinación editorial por el Patronato Panamá Viejo ; concepto de la publicación y edición, Walo Araújo].
246 3 0 _aDe la aldea a la urbe
246 3 0 _aFrom village to city
260 _aCiudad de Panamá :
_bEmbajada de España en Panamá :
_bPatronato Panamá Viejo,
_cc2007.
300 _a118, [2] p. :
_bcol. ill., col. maps ;
_c28 cm.
500 _a"Esta publicación se realiza en el marco del Programa de Patrimonio Cultural en Panamá de la Agencia Española de Cooperación Internacional, en colaboración con el Patronato Panamá Viejo"--P. facing t.p.
504 _aIncludes bibliographical references (p. 118-[119]).
546 _aSpanish and English in parallel texts.
650 0 _aHistoric sites
_xConservation and restoration
_xPanama viejo
_xPanama viejo-trabajo pictorico
_xPanama-historia
_xEdificios Historicos-conservacion y restauracion
_zPanama
_zPanama.
_92247
650 0 _aHistoric buildings
_xConservation and restoration
_zPanama
_zPanama.
_92248
651 0 _aPanamá Viejo Site (Panama, Panama)
_92249
651 0 _aPanamá Viejo Site (Panama, Panama)
_vPictorial works.
_92250
651 0 _aPanama (Panama)
_xHistory.
_92251
651 0 _aPanama (Panama)
_xAntiquities.
_92252
700 1 _aAraújo, Walo.
_92253
710 2 _aPatronato Panamá Viejo.
_92254
710 2 _aPrograma de Patrimonio de la Cooperación Española.
_92255
906 _a7
_bcbc
_ccopycat
_d2
_encip
_f20
_gy-gencatlg
999 _c471
_d471